| 000 | 00606nam a2200169 i 4500 | ||
|---|---|---|---|
| 001 | 55535 | ||
| 003 | ES-MaACL | ||
| 005 | 20230906163151.0 | ||
| 007 | t| | ||
| 008 | 030922s1974 sp ||||1| spa d | ||
| 245 | 0 | 0 |
_aDesarrollo económico y medio ambiente _b: ponencias y coloquios de la Reunión Internacional de Barcelona, 1973. |
| 260 |
_a[Madrid] : _bMoneda y Crédito, _c1974. |
||
| 300 |
_aXVIII, 247 p. ; _c23 cm. |
||
| 500 | _aPrecede al tít.: Servicio de estudios en Barcelona. Banco Urquijo. | ||
| 710 | 2 |
_aBanco Urquijo. _bServicio de Estudios. _92139 |
|
| 852 |
_aES-MaACL _jE-6863 _bR.90886 |
||
| 999 |
_c55535 _d55535 |
||